| 000 | 00832nam a2200289 a 4500 | ||
|---|---|---|---|
| 001 | 57220 | ||
| 003 | BD-RJUL | ||
| 005 | 20211209080501.0 | ||
| 008 | 161207t19671966nyua b 000 0 eng | ||
| 035 | _aMITb10497146 | ||
| 035 | _a(BD-RJUL)57344 | ||
| 040 |
_aDLC _cDLC _dBD-RJUL _beng |
||
| 041 | _aeng | ||
| 082 |
_223 _a306.2 _bPOL 1967 |
||
| 090 |
_aJA76 _b.C834 |
||
| 099 | _aJA76.C834 | ||
| 245 | 1 | 0 |
_aPolitical sociology : _bselected essays / _cedited by Lewis A. Cosar. |
| 250 | _a1st ed. | ||
| 260 |
_aNew York : _bHarper & Row, Publishers, _c1967. |
||
| 300 |
_a274 p. : _bill. ; _c21 cm. |
||
| 490 | 1 | _aThe Contemporary essays series | |
| 650 | 0 |
_aPolitical sociology. _9119139 |
|
| 700 |
_aCoser, Lewis A. _9169939 |
||
| 830 | 0 |
_aThe Contemporary essays series. _9128173 |
|
| 942 |
_2ddc _cBK |
||
| 999 |
_c57220 _d57220 |
||